| 000 | 00649nam a2200217 i 4500 | ||
|---|---|---|---|
| 001 | 104977 | ||
| 003 | ES-MaACL | ||
| 005 | 20230906183735.0 | ||
| 007 | t| | ||
| 008 | 060602s1929 fr ||||1| fre d | ||
| 080 | _a821.133.1-2"19" | ||
| 100 | 1 |
_aRostand, Maurice. _999923 |
|
| 245 | 1 | 3 |
_aLe dernier Tzar _b: pièce en quatre actes et cinq tableaux, en vers / _cMaurice Rostand. |
| 260 |
_aParis : _bErnest Flammarion, _c[1929] |
||
| 300 |
_a215 p. ; _c19 cm. |
||
| 490 | 1 | _aThéatre | |
| 500 | _aBiblioteca Jacinto Martínez Lacalle. | ||
| 830 | 0 |
_aThéatre _9184880 |
|
| 852 |
_aES-MaACL _jE-11296 _bR.138939 |
||
| 999 |
_c104977 _d104977 |
||